Score 0/25 Timer 07:00
56 Plays Today
% Correct
Andy Reid
96.6%
Patrick Mahomes
95.4%
Miami Dolphins
89.3%
Carson Wentz
88.9%
Bill Belichick
87%
Phillip Rivers
87%
San Francisco 49ers
86.6%
Andrew Luck
86.6%
Cam Newton
85.9%
Kirk Cousins
84.7%
Jason Garrett
84.4%
Mike Tomlin
82.8%
Sam Darnold
82.1%
% Correct
Richard Sherman
82.1%
Jameis Winston
79.8%
Mitch Trubisky
79.8%
Antonio Brown
78.6%
Shakira
76%
Ryan Tannehill
74.8%
Jimmy Garoppolo
74.4%
Mason Rudolph
69.5%
Booger McFarland
66%
Myles Garrett
63.7%
Manti Te'o
58%
Nelson Agholor
53.4%
Remove Ads.
Support Sporcle.
Get the best of Sporcle when you Go Orange. This ad-free experience offers more features, more stats, and more fun while also helping to support Sporcle. Thank you for becoming a member.

You're not logged in!

Compare scores with friends on all Sporcle quizzes.
OR
Log In

Sporcle TV

Today on Sporcle TV


Watch our educational content, quiz creation guides, and fun videos on Sporcle TV.

Show Comments

Extras

Top Quizzes Today


Score Distribution

Paid Content

Your Account Isn't Verified!

In order to create a playlist on Sporcle, you need to verify the email address you used during registration. Go to your Sporcle Settings to finish the process.

Report this User

Report this user for behavior that violates our Community Guidelines.

Details: